01117nam a2200277 a 450000100060000000300080000600500170001400800410003103500190007204000360009104100080012705100120013508200220014710000250016924500570019426000360025130000320028750400260031965000220034565000240036794200120039199900170040395201340042095201400055495201450069455172BD-RjUL20211209080227.0161114s1963 ii a b 000 0 eng  a(BD-RjUL)55294 aDLCcSYBdBD-RjULdBD-RjULbeng aeng cCopy 2. 223a540bPRT 19631 aPrasad, Gur 916440710aTextbook of Engineering chemistry /cby Gur Prasad. aDelhi :bATMA RAM &SONS.,c1963 axii,251p. :bill. ;c20 cm. aBibliography: p. 375. 0aChemistry9164408 0aEngineering9164409 2ddccBK c55172d55172 00102ddc40708NFICaRUCLbRUCLcStackd1979-03-21eZeitlingerg8.00l0o540 PRT 1963r2016-11-14 00:00:00tC-2w2016-11-14yBK 00102ddc40718NFICaRUCLbRUCLcReadingd1979-03-21eIndia Int. Calg8.00l0o540 PRT 1963r2017-04-18 00:00:00tC-1w2017-04-18yBK 00102ddc40708NFICaRUCLbRUCLcStackd1979-03-21eIndian Int., Calauttag8.00l0o540 PRT 1963r2017-05-21 00:00:00tC-3w2017-05-21yBK